000 00505nam a22001697a 4500
005 20231116104353.0
008 231116b |||||||| |||| 00| 0 eng d
020 _a0702109975
041 _aEnglish
082 _a343.9 COO
100 _aCooper, WE
_lEnglish
245 _aAlcohol, Drugs and Road Traffic /
_cWE Cooper
260 _aCape Town :
_bJuta and Company Ltd,
_c1979
300 _bxvi, 402 pages ;
_c26 cm.
650 _aLegal practice
_bLaw
942 _cBK
_6ALISON_BN_VRIES
999 _c725
_d725